Normal view
MARC view
- Carmody, John
Entry Personal Name
001 - CONTROL NUMBER
- control field: 45307
003 - CONTROL NUMBER IDENTIFIER
- control field: NUST
005 - DATE AND TIME OF LATEST TRANSACTION
- control field: 20210314133218.0
008 - FIXED-LENGTH DATA ELEMENTS
- fixed length control field: 210314|| aca||aabn | a|a d
040 ## - CATALOGING SOURCE
- Original cataloging agency: NUST
- Transcribing agency: NUST
100 ## - HEADING--PERSONAL NAME
- Personal name: Carmody, John
670 ## - SOURCE DATA FOUND
- Source citation: Work cat.: (NUST): Lstiburek, Joseph W. 45306, Moisture control handbook :, c1993.
